<?xml version="1.0" encoding="UTF-8"?>
<record
    xmlns:xsi="http://www.w3.org/2001/XMLSchema-instance"
    xsi:schemaLocation="http://www.loc.gov/MARC21/slim http://www.loc.gov/standards/marcxml/schema/MARC21slim.xsd"
    xmlns="http://www.loc.gov/MARC21/slim">

  <leader>00366nam a2200109 a 4500</leader>
  <controlfield tag="005">20201002031700.0</controlfield>
  <controlfield tag="008">130704s1966                  000   spa d</controlfield>
  <datafield tag="100" ind1=" " ind2=" ">
    <subfield code="a">Maldonado Denis, Manuel</subfield>
    <subfield code="9">8036</subfield>
  </datafield>
  <datafield tag="245" ind1=" " ind2="0">
    <subfield code="a">Frantz Fanon (1924-1961) y el pensamiento anticolonialista.</subfield>
  </datafield>
  <datafield tag="260" ind1=" " ind2=" ">
    <subfield code="a">Santo Domingo -- univers. autonoma de sto. dgo.,</subfield>
    <subfield code="c">1966 -- 20 pag.</subfield>
  </datafield>
  <datafield tag="999" ind1=" " ind2=" ">
    <subfield code="c">38989</subfield>
    <subfield code="d">38989</subfield>
  </datafield>
  <datafield tag="040" ind1=" " ind2=" ">
    <subfield code="a">DO-SdBNP</subfield>
  </datafield>
</record>
